Statistics for Original Members of the Justice League

Click here to take the quiz!

General Stats

  • This quiz has been taken 86 times
    (82 since last reset)
  • The average score is 11 of 16

Answer Stats

% Correct
Batman
100%
Superman
100%
Wonder Woman
100%
Flash
97%
Green Lantern
97%
Aquaman
92%
Martian Manhunter
90%
Cyborg
84%
Green Arrow
82%
Hawkman
74%
Hawkgirl
69%
Zatanna
41%
Fire
38%
Booster Gold
30%
Ice
30%
Vixen
23%

Score Distribution

Percentile by Number Answered

Percent of People with Each Score

Your Score History

You have not taken this quiz since the last reset